5HLuxD.jpg

KING HENRY VIII SENIOR AND PRIMARY SCHOOL LIBRARY OPAC

OH MAYA GODS! (Record no. 5461)

000 -LEADER
fixed length control field 00333nam a22001217a 4500
008 - FIXED-LENGTH DATA ELEMENTS--GENERAL INFORMATION
fixed length control field 250919b ||||| |||| 00| 0 eng d
020 ## - INTERNATIONAL STANDARD BOOK NUMBER
International Standard Book Number 9781913696870
082 ## - DEWEY DECIMAL CLASSIFICATION NUMBER
Classification number 823.00 MAZ
100 ## - MAIN ENTRY--PERSONAL NAME
Personal name EVANS,MAZ
Relator term AUTHOR
Language of a work ENGLISH
245 ## - TITLE STATEMENT
Title OH MAYA GODS!
260 ## - PUBLICATION, DISTRIBUTION, ETC.
Place of publication, distribution, etc. 2 PALMER STREET,FROME,SOMERSET BA11 1DS
Name of publisher, distributor, etc. CHICKEN HOUSE
Date of publication, distribution, etc. 2023
942 ## - ADDED ENTRY ELEMENTS (KOHA)
Source of classification or shelving scheme
Holdings
Withdrawn status Lost status Source of classification or shelving scheme Damaged status Not for loan Collection code Permanent Location Current Location Shelving location Date acquired Source of acquisition Total Checkouts Full call number Barcode Date last seen Date last checked out Price effective from Koha item type Public note
          Fiction KH8 Primary School Library KH8 Primary School Library Fiction 2025-09-19 SOF 3 823.00 MAZ KHPL000007169 2026-03-04 2026-02-27 2025-09-19 Books - Fiction PRIMARY LIBRARY

Powered By KH8 IT Dept